000 00718nam a2200265Ia 4500
003 OSt
005 20220916110925.0
006 a|||||r|||| 00| 0
007 ta
008 220915b |||||||| |||| 00| 0 eng d
020 _a9780195681598 (pbk)
024 _a508
037 _b427, 19/03/2008, Swaraj Prakashan
037 _cTextbook
040 _beng
_aARTS
_cARTS
041 _aeng
082 _aW66, P7
100 _aRobb Peter
245 0 _aLiberalism, modernity, and the nation
260 _aNew Delhi
_b OUP India
300 _ax,231p.
_ccm.
650 _aPolitical Science
942 _hW66, P7
_cTB
_2CC
999 _c101536
_d101536